Markets (Record no. 82208)
[ view plain ]
| 000 -LEADER | |
|---|---|
| fixed length control field | 01131cam a22002175a 4500 |
| 001 - CONTROL NUMBER | |
| control field | L149553 |
| 008 - FIXED-LENGTH DATA ELEMENTS--GENERAL INFORMATION | |
| fixed length control field | 100319e2010 xxk 000 0 eng d |
| 035 ## - SYSTEM CONTROL NUMBER | |
| System control number | (Sirsi) u149553 |
| 041 0# - LANGUAGE CODE | |
| Language code of text/sound track or separate title | eng |
| 100 1# - MAIN ENTRY--PERSONAL NAME | |
| Personal name | Sandher, Hardeep |
| 245 00 - TITLE STATEMENT | |
| Title | Markets |
| Remainder of title | Yorkshire and Lincolnshire |
| 260 ## - PUBLICATION, DISTRIBUTION, ETC. | |
| Date of publication, distribution, etc. | 2010 |
| 490 ## - SERIES STATEMENT | |
| Series statement | Property Week |
| Volume/sequential designation | 76(10) 12 March 2010, 55-65(5) |
| 520 ## - SUMMARY, ETC. | |
| Summary, etc. | British Land unveils plans for a massive mixed-use development in Sheffield. UK Coal will be the sole funder of its £800m residential-led Waverley scheme at Orgreave and a 600 000 sq ft government campus. Grantside's redevelopment of the old Terry's chocolate factory in York will come on stream in 2011. Leeds' moribund office market may be propped up by council space requirements. Yorkshire's logistics market improves with 1.71m sq ft take-up in 2009 over 1.61m sq ft in 2008. Lincolnshire County Council is giving the green light to business in the county. |
| 590 ## - LOCAL NOTE (RLIN) | |
| Local note | KA |
| 651 #4 - SUBJECT ADDED ENTRY--GEOGRAPHIC NAME | |
| Geographic name | Yorkshire |
| Chronological subdivision | 1888- |
| 651 #4 - SUBJECT ADDED ENTRY--GEOGRAPHIC NAME | |
| Geographic name | Lincolnshire |
| 690 ## - LOCAL SUBJECT ADDED ENTRY--TOPICAL TERM (OCLC, RLIN) | |
| Topical term or geographic name as entry element | PROPERTY-COMMERCIAL PROPERTY-COMMERCIAL PROPERTY MARKET |
| 700 1# - ADDED ENTRY--PERSONAL NAME | |
| Personal name | Coates, Shelagh |
| 942 ## - ADDED ENTRY ELEMENTS (KOHA) | |
| Suppress in OPAC | 0 |
| Withdrawn status | Lost status | Source of classification or shelving scheme | Damaged status | Not for loan | Home library | Current library | Shelving location | Date acquired | Total Checkouts | Full call number | Barcode | Date last seen | Copy number | Price effective from | Koha item type |
|---|---|---|---|---|---|---|---|---|---|---|---|---|---|---|---|
| Dewey Decimal Classification | London | London | Journal article | 19/03/2010 | L149553 | 149553-1001 | 06/08/2019 | 1 | 06/08/2019 | Journal article |